[Event "DEN-ch Kort2 A"]
[Site "Skorping"]
[Date "2017.04.15"]
[Round "4"]
[White "Easan, Adesh"]
[Black "Mortensen, Martin Lind"]
[Result "1/2-1/2"]
[WhiteElo "1889"]
[BlackElo "2133"]
[PlyCount "80"]
[EventDate "2017.04.13"]
[EventType "swiss"]
[EventRounds "5"]
[EventCountry "DEN"]
[SourceTitle "EXT 2018"]
[Source "ChessBase"]
[SourceDate "2017.10.13"]
[SourceVersion "1"]
[SourceVersionDate "2017.10.13"]
[SourceQuality "1"]

1. e4 e6 2. d3 d5 3. Nd2 Nf6 4. Ngf3 c5 5. g3 Be7 6. Bg2 Nc6 7. exd5 exd5 8. h3 0-0 9. 0-0 a5 10. a4 h6 11. d4 c4 12. c3 Bf5 13. b3 cxb3 14. Nxb3 Ne4 15. Bb2 Qb6 16. Ra2 Rfd8 17. Nfd2 Rac8 18. Nxe4 dxe4 19. Ba1 Ne5 20. Nd2 Qe6 21. Qb3 Nf3+ 22. Bxf3 exf3 23. Qxe6 Bxe6 24. Rb2 Rxc3 25. Rxb7 Rd3 26. Nxf3 Bf6 27. Ne5 Bxe5 28. dxe5 Bxh3 29. Re1 Rd1 30. Rb1 Bg4 31. Bc3 Rxb1 32. Rxb1 Rd1+ 33. Rxd1 Bxd1 34. Bxa5 Bxa4 35. f4 Bd7 36. Kf2 f6 37. exf6 gxf6 38. Kf3 f5 39. Ke3 Kf7 40. Kd4 Ke6 1/2-1/2

[Event "Lovsprings op 11th"]
[Site "Ringsted"]
[Date "2000.03.31"]
[Round "2"]
[White "Krogh, Peter Ove"]
[Black "Mortensen, Martin Lind"]
[Result "1/2-1/2"]
[WhiteElo "1971"]
[BlackElo "2008"]
[PlyCount "74"]
[EventDate "2000.03.24"]
[EventType "swiss"]
[EventRounds "7"]
[EventCountry "DEN"]
[SourceTitle "EXT 2018"]
[Source "ChessBase"]
[SourceDate "2017.10.13"]
[SourceVersion "1"]
[SourceVersionDate "2017.10.13"]
[SourceQuality "1"]

1. c4 Nf6 2. Nc3 e5 3. Nf3 Nc6 4. e3 Bb4 5. Nd5 e4 6. Ng1 Nxd5 7. cxd5 Ne7 8. Qg4 0-0 9. Qxe4 Bd6 10. f4 f5 11. Qc4 b6 12. Be2 a5 13. Bf3 Qe8 14. Qd4 Qf7 15. Ne2 Bc5 16. Qa4 Nxd5 17. Qb3 c6 18. Bxd5 cxd5 19. d4 a4 20. Qc2 Bd6 21. Nc3 Bb4 22. Kf2 Bxc3 23. Qxc3 Ba6 24. Qb4 Qg6 25. Re1 Rfc8 26. Bd2 Rc4 27. Qa3 Rc2 28. Rad1 Qc6 29. Kg1 Qb5 30. b3 axb3 31. axb3 Bb7 32. Qe7 h6 33. Bb4 Raa2 34. Qf8+ Kh7 35. Qxf5+ Kg8 36. Qf8+ Kh7 37. Qf5+ Kg8 1/2-1/2

[Event "Lovsprings op 11th"]
[Site "Ringsted"]
[Date "2000.03.24"]
[Round "1"]
[White "Arnkilde, Anders"]
[Black "Mortensen, Martin Lind"]
[Result "1-0"]
[WhiteElo "1985"]
[BlackElo "2008"]
[PlyCount "131"]
[EventDate "2000.03.24"]
[EventType "swiss"]
[EventRounds "7"]
[EventCountry "DEN"]
[SourceTitle "EXT 2018"]
[Source "ChessBase"]
[SourceDate "2017.10.13"]
[SourceVersion "1"]
[SourceVersionDate "2017.10.13"]
[SourceQuality "1"]

1. e4 Nf6 2. Nc3 e5 3. Nf3 Nc6 4. Bb5 Nd4 5. Ba4 Bc5 6. 0-0 0-0 7. d3 d6 8. Nxd4 Bxd4 9. Bg5 c6 10. Qf3 h6 11. Bxf6 Qxf6 12. Qxf6 gxf6 13. Nd1 f5 14. exf5 Bxf5 15. Ne3 Bg6 16. c3 Bxe3 17. fxe3 Bxd3 18. Rf6 d5 19. Rxh6 Kg7 20. Rh5 f5 21. Rd1 Ba6 22. g3 Rh8 23. Rxh8 Rxh8 24. Rd2 Kg6 25. Bc2 Kg5 26. Rf2 Rf8 27. h4+ Kg4 28. Kg2 f4 29. exf4 e4 30. Bd1+ Kf5 31. g4+ Kf6 32. Kg3 e3 33. Rh2 c5 34. g5+ Kg7 35. Be2 d4 36. Bxa6 bxa6 37. cxd4 cxd4 38. Kf3 Re8 39. Ke2 Rf8 40. h5 Rxf4 41. h6+ Kg8 42. Rg2 Rh4 43. Kd3 Kh8 44. b4 Kg8 45. a4 Kh8 46. b5 axb5 47. axb5 Kg8 48. Ra2 Rh1 49. Kxd4 Rg1 50. Rxa7 e2 51. g6 Rxg6 52. h7+ Kh8 53. Re7 Rg1 54. Rxe2 Rb1 55. Kc5 Rc1+ 56. Kd6 Rb1 57. Kc6 Rc1+ 58. Kb7 Rb1 59. b6 Rb3 60. Kc7 Rc3+ 61. Kb8 Rb3 62. b7 Rb1 63. Re8+ Kxh7 64. Kc7 Rc1+ 65. Kd6 Rd1+ 66. Kc5 1-0

[Event "Lovsprings op 09th B"]
[Site "Ringsted"]
[Date "1997.03.21"]
[Round "2"]
[White "Mortensen, Martin Lind"]
[Black "Jensen, Karsten"]
[Result "1/2-1/2"]
[WhiteElo "1765"]
[BlackElo "1761"]
[PlyCount "86"]
[EventDate "1997.03.14"]
[EventType "swiss"]
[EventRounds "7"]
[EventCountry "DEN"]
[SourceTitle "EXT 2023"]
[Source "ChessBase"]
[SourceDate "2022.10.05"]
[SourceVersion "1"]
[SourceVersionDate "2022.10.05"]
[SourceQuality "1"]

1. e4 c5 2. Nf3 e6 3. d4 cxd4 4. Nxd4 a6 5. Nc3 Qc7 6. g3 Be7 7. Bg2 Nf6 8. 0-0 d6 9. Re1 Nbd7 10. f4 0-0 11. Kh1 Nb6 12. e5 Nfd5 13. Nf5 dxe5 14. Nxd5 Nxd5 15. Nxe7+ Nxe7 16. Rxe5 Rd8 17. Qe2 Bd7 18. Be3 Bc6 19. c3 Bxg2+ 20. Qxg2 Rd5 21. Rxd5 Nxd5 22. Bd4 Qc6 23. Re1 Qa4 24. Qe4 Qxa2 25. Qe5 Nf6 26. Qe2 Qd5+ 27. Kg1 Ne8 28. Rd1 Rd8 29. Rd2 Qa5 30. Qd1 b5 31. Be5 Rxd2 32. Qxd2 Qb6+ 33. Kf1 Kf8 34. Qd7 f6 35. Bd4 Qd6 36. Qc8 Kf7 37. Qb7+ Kg6 38. Qe4+ f5 39. Qe2 Nf6 40. Qf3 Nd5 41. Qd3 h5 42. b4 Qc6 43. Kf2 Nb6 1/2-1/2

[Event "Lovsprings op 06th C"]
[Site "Ringsted"]
[Date "1994.05.01"]
[Round "5"]
[White "Sorensen, Lindved"]
[Black "Mortensen, Martin Lind"]
[Result "1/2-1/2"]
[WhiteElo "1683"]
[BlackElo "1606"]
[PlyCount "121"]
[EventDate "1994.03.27"]
[EventType "swiss"]
[EventRounds "7"]
[EventCountry "DEN"]
[SourceTitle "EXT 2023"]
[Source "ChessBase"]
[SourceDate "2022.10.05"]
[SourceVersion "1"]
[SourceVersionDate "2022.10.05"]
[SourceQuality "1"]

1. Nf3 Nf6 2. c4 c5 3. g3 Nc6 4. Bg2 e6 5. Nc3 d5 6. cxd5 exd5 7. d4 Be6 8. Bf4 Rc8 9. 0-0 Nxd4 10. Nxd4 cxd4 11. Qxd4 Bc5 12. Qa4+ Bd7 13. Qb3 Bc6 14. Rad1 d4 15. Bxc6+ bxc6 16. e3 0-0 17. Na4 Bb6 18. Nxb6 Qxb6 19. Qxb6 axb6 20. Rxd4 Ra8 21. a3 h6 22. Rd6 Rfc8 23. Rc1 c5 24. Rxb6 c4 25. Bxh6 Nd7 26. Rd6 Ne5 27. Bf4 Nd3 28. Rc2 g5 29. Bxg5 Ne1 30. Rc3 Nf3+ 31. Kg2 Nxg5 32. Rd4 Ne6 33. Rg4+ Kf8 34. h4 Rab8 35. Rc2 Ng7 36. Re4 Rc6 37. g4 Ne8 38. f4 Nf6 39. Rexc4 Rxc4 40. Rxc4 Nxg4 41. Kf3 Nh2+ 42. Ke4 Rxb2 43. Rb4 Ra2 44. a4 Nf1 45. Kd4 Ng3 46. e4 Ne2+ 47. Ke5 Kg7 48. f5 Nc3 49. Rb3 f6+ 50. Kf4 Ne2+ 51. Ke3 Rxa4 52. Rb7+ Kg8 53. Rb6 Kg7 54. h5 Ng3 55. h6+ Kh7 56. Re6 Nh5 57. Re8 Ra7 58. Kd4 Rd7+ 59. Kc5 Kxh6 60. e5 fxe5 61. Rxe5 1/2-1/2

[Event "Lovsprings op 06th C"]
[Site "Ringsted"]
[Date "1994.04.24"]
[Round "4"]
[White "Hede, Kim Nygaard"]
[Black "Mortensen, Martin Lind"]
[Result "0-1"]
[WhiteElo "1680"]
[BlackElo "1606"]
[PlyCount "58"]
[EventDate "1994.03.27"]
[EventType "swiss"]
[EventRounds "7"]
[EventCountry "DEN"]
[SourceTitle "EXT 2023"]
[Source "ChessBase"]
[SourceDate "2022.10.05"]
[SourceVersion "1"]
[SourceVersionDate "2022.10.05"]
[SourceQuality "1"]

1. d4 Nf6 2. c4 e5 3. dxe5 Ng4 4. Nf3 Nc6 5. Nc3 Ngxe5 6. Nxe5 Nxe5 7. e4 Bc5 8. Qh5 d6 9. Bg5 Qd7 10. Be2 0-0 11. Nd5 Re8 12. Nf6+ gxf6 13. Bxf6 Bxf2+ 14. Kxf2 Ng4+ 15. Bxg4 Qxg4 16. Qxg4+ Bxg4 17. Rae1 Re6 18. Kg3 Rxf6 19. Kxg4 Rf2 20. Rb1 Rxg2+ 21. Kf3 Rc2 22. Rhg1+ Kh8 23. Rg2 Rxc4 24. b3 Rc3+ 25. Kf4 Re8 26. Rbg1 Rh3 27. Kf5 Re3 28. Rg5 Re5+ 29. Kf6 Rf3+ 0-1

[Event "Lovsprings op 05th D"]
[Site "Ringsted"]
[Date "1993.05.16"]
[Round "7"]
[White "Mortensen, Martin Lind"]
[Black "Svava, Mogens"]
[Result "1-0"]
[WhiteElo "1316"]
[BlackElo "1432"]
[PlyCount "39"]
[EventDate "1993.03.26"]
[EventType "swiss"]
[EventRounds "7"]
[EventCountry "DEN"]
[SourceTitle "EXT 2023"]
[Source "ChessBase"]
[SourceDate "2022.10.05"]
[SourceVersion "1"]
[SourceVersionDate "2022.10.05"]
[SourceQuality "1"]

1. e4 c5 2. Nf3 Nc6 3. d4 cxd4 4. Nxd4 e6 5. Nc3 a6 6. Bf4 d6 7. Nb3 h6 8. Be2 Nf6 9. 0-0 Be7 10. Qd2 e5 11. Be3 b5 12. f3 Bb7 13. Nd5 Nxd5 14. exd5 Nb8 15. a4 bxa4 16. Rxa4 Qd7 17. Rc4 0-0 18. Bxh6 gxh6 19. Qxh6 Bd8 20. Rg4+ 1-0